[Event "Championnat de la Loire Jeunes 2010 - Pu"]
[Site "St-Just St-Rambert"]
[Date "2010.10.24"]
[Round "7.4"]
[White "Richard, Elisa"]
[Black "Jandeau, Kelvin"]
[Result "0-1"]
[WhiteElo "1099"]
[BlackElo "1099"]
[PlyCount "154"]
[EventDate "2010.??.??"]

1. e4 e5 2. Nf3 Nc6 3. c4 Bc5 4. Nc3 Nf6 5. d3 d6 6. Bg5 Bg4 7. Be2 Bxf3 8.
Bxf3 h6 9. Bxf6 gxf6 10. O-O Qd7 11. Bg4 Qd8 12. Qc1 Rg8 13. Rd1 Rxg4 14. d4
Bxd4 15. Qd2 Bxc3 16. Qxc3 Rxe4 17. Re1 f5 18. f3 Rh4 19. Qd2 Rh5 20. f4 Kf8
21. fxe5 dxe5 22. Qxd8+ Rxd8 23. Re2 Re8 24. Rd1 e4 25. Red2 Ke7 26. Rd7+ Kf8
27. Rxc7 Re6 28. h3 Rg5 29. Rcd7 Rgg6 30. Rd8+ Re8 31. R8d2 Rd8 32. a3 Rxd2 33.
Rxd2 Re6 34. b4 Ke8 35. b5 Na5 36. Rc2 e3 37. c5 b6 38. cxb6 axb6 39. Rc8+ Ke7
40. Rc7+ Kf6 41. Rc2 e2 42. Rc1 e1=R+ 43. Rxe1 Rxe1+ 44. Kf2 Re7 45. g4 fxg4
46. hxg4 Kg5 47. Kf3 h5 48. gxh5 Kxh5 49. Kf4 Rc7 50. Ke5 Rc5+ 51. Kd6 Rxb5 52.
a4 Rb4 53. Kc7 Rxa4 54. Kxb6 Rf4 55. Kxa5 f6 56. Kb5 f5 57. Kc5 Rf1 58. Kd4 f4
59. Ke4 f3 60. Ke5 f2 61. Kd5 Rg1 62. Kd4 f1=Q 63. Ke4 Qd1 64. Ke5 Re1+ 65. Kf6
Qf3+ 66. Kg7 Rg1+ 67. Kh7 Kg5 68. Kg7 Kf5+ 69. Kf7 Ke5+ 70. Ke7 Qd3 71. Ke8 Ke4
72. Kf7 Ke3 73. Ke6 Kd2 74. Ke5 Re1+ 75. Kf6 Qf3+ 76. Kg5 Rg1+ 77. Kh6 Qh3# 0-1